| 000 | 00551nam a2200217Ia 4500 | ||
|---|---|---|---|
| 005 | 20250425160746.0 | ||
| 008 | 250425s9999 xx 000 0 und d | ||
| 020 | _a8449306779 | ||
| 041 | _aspa | ||
| 082 | _a150 | ||
| 100 | _aTERRICABRAS, JOSEP-MARIA | ||
| 245 | 0 | _aATREVETE A PENSAR: LA UTILIDAD DEL PENSAMIENTO RIGUROSO EN LA VIDA COTIDIANA | |
| 250 | _a2A ED. | ||
| 260 | _aBARCELONA | ||
| 260 |
_aEspaƱa _bPAIDOS _c1999 |
||
| 300 | _a206 | ||
| 650 | _aPENSAMIENTOS E IDEAS | ||
| 650 | _aPSICOLOGIA | ||
| 942 | _c01 | ||
| 010 | _a4606 | ||
| 999 |
_c195583 _d195583 |
||